000 00416nam a2200157Ia 4500
008 210716s2000 xx 000 0 und d
020 _a9780130219725
041 _aeng
082 _a004 DAWC
100 _aDawson, Christian W.
245 _aEssence of computing projects a student's guide.
250 _a1
260 _aEngland
_bPearson Education
_c2000
300 _axii,176
650 _aComputer Fundamentals
999 _c187882
_d187882